[Event "Marseille op 2nd "]
[Site "Marseille"]
[Date "2009.12.26"]
[Round "2"]
[White "Desmas, William"]
[Black "Bourgoin, Bruno"]
[Result "1-0"]
[WhiteElo "1674"]
[BlackElo "1450"]
[PlyCount "68"]
[EventDate "2009.12.26"]
[EventType "swiss"]
[EventRounds "9"]
[EventCountry "FRA"]
[SourceTitle "CBM 134 Extra"]
[Source "ChessBase"]
[SourceDate "2010.03.03"]
[SourceVersion "1"]
[SourceVersionDate "2010.03.03"]
[SourceQuality "1"]

1. d4 d5 2. c4 c6 3. Nc3 Bf5 4. cxd5 cxd5 5. Qb3 b6 6. Qxd5 Qxd5 7. Nxd5 Kd8 8. Bf4 Nd7 9. Nf3 Be4 10. Nc3 Bb7 11. e4 e6 12. Bb5 Ngf6 13. Ng5 Ke8 14. 0-0 h6 15. Bxd7+ Nxd7 16. Nf3 f6 17. Nb5 Kf7 18. Rfe1 Be7 19. Rac1 Rac8 20. Nxa7 Rxc1 21. Rxc1 Rd8 22. Nd2 Ba8 23. Nc6 Bxc6 24. Rxc6 e5 25. dxe5 Nxe5 26. Rc2 Bb4 27. Bxe5 Bxd2 28. Bg3 f5 29. f3 Be3+ 30. Kf1 Rd2 31. Rxd2 Bxd2 32. Ke2 Bc1 33. Be5 g6 34. a4 Bg5 1-0